Budapest és Brüsszel turizmus marketing stratégiájának elemzése

Bibliográfiai részletek
Szerző: Wágner Bernadett
További közreműködők: Sipos Erika
Dokumentumtípus: Diplomadolgozat
Kulcsszavak:Turizmusmarketing
Piac, turisztikai
Turizmus, Budapest
Turizmus, Brüsszel
Városimázs
Marketingstratégia
Online Access:http://dolgozattar.uni-bge.hu/59422

MARC

LEADER 00000nta a2200000 i 4500
001 dolg59422
005 20260115142601.0
008 260115suuuu hu om 000 hun d
040 |a BGE Dolgozattár Repozitórium  |b hun 
041 |a hu 
100 1 |a Wágner Bernadett 
245 1 0 |a Budapest és Brüsszel turizmus marketing stratégiájának elemzése  |c Wágner Bernadett  |h [elektronikus dokumentum] 
695 |a Turizmusmarketing 
695 |a Piac, turisztikai 
695 |a Turizmus, Budapest 
695 |a Turizmus, Brüsszel 
695 |a Városimázs 
695 |a Marketingstratégia 
700 1 |a Sipos Erika  |e ths 
856 4 0 |u http://dolgozattar.uni-bge.hu/59422/1/Wagner-Bernadett.pdf  |z Dokumentum-elérés